All R.E.P.O. Purchasable Items - Statistics

General Stats
  • This quiz has been taken 2 times
  • The average score is 20 of 51
Answer Stats
Type Answer % Correct
C.A.R.T
100%
Health Upgrade
100%
Large Health Pack
100%
Medium Health Pack
100%
Health Packs Small Health Pack
100%
Stamina Upgrade
100%
Upgrades Strength Upgrade
100%
Tumble Launch Upgrade
100%
Tumble Wings Upgrade
100%
Melee Weapons Baseball Bat
50%
Crouch Rest Upgrade
50%
Death Head Battery Upgrade
50%
Duct Taped Grenade
50%
Others Energy Crystal
50%
Explosive Mine
50%
Extraction Tracker
50%
Extra Jump Upgrade
50%
Feather Drone
50%
Frying Pan
50%
Ranged Weapons Gun
50%
Human Grenade
50%
Indestructible Drone
50%
Inflatable Hammer
50%
Range Upgrade
50%
Drones Recharge Drone
50%
Shotgun
50%
Sledge Hammer
50%
Stun Grenade
50%
Sword
50%
Zero Gravity Drone
50%
Boltzap
0%
C.A.R.T. Cannon
0%
C.A.R.T Laser
0%
Duck Bucket
0%
Explosive Weapons Grenade
0%
Map Player Count Upgrade
0%
Phase Bridge
0%
Photon Blaster
0%
C.A.R.T.S Pocket C.A.R.T.
0%
Prodzap
0%
Pulse Pistol
0%
Roll Drone
0%
Rubber Duck
0%
Shockwave Grenade
0%
Shockwave Mine
0%
Sprint Speed Upgrade
0%
Tranq Gun
0%
Trapzap
0%
Tumble Climb Upgrade
0%
Trackers Valuable Tracker
0%
Zero Gravity Orb
0%
No matching quizzes found
Score Distribution
Percent of People with Each Score
Percentile by Number Answered
Your Score History
You have not taken this quiz